• 首页
  • 本馆介绍
  • 公告通知
  • 最新文献
  • 馆藏检索
  • 电子资源
  • 读者导购
  • 参考咨询
  • 我的图书馆
  • 登录
  • 详细信息显示
  • 放入我的书架
  • 预约/预借图书
  • 作者相关作品
  • 分类相关作品
  • 丛书相关作品
  • 出版社相关作品

书目信息

  • 表格格式
  • 工作单格式
  • 卡片格式
题名:
论《关于建国以来党的若干历史问题的决议》
    
 
作者: ;中共中央书记处研究室 编
分册:  
出版信息: 北京   中国社会科学出版社  1982.10
页数: 358页
开本: 20cm
丛书名:
单 册:
中图分类: D229
科图分类:
主题词: 中国共产党
电子资源:
ISBN:
000 00644nam0 2200193 45
001 0209170976
005 20060731083023.71
010    @dCNY1.10
091    @a3190.035
100    @a20020917d1982 km y0chiy0120 ea
101 0  @achi
200 1  @a论《关于建国以来党的若干历史问题的决议》@ALun《Guan Yu Jian Guo Yi Lai Dang De Ruo Gan Li Shi Wen Ti De Jue Yi》@f中共中央书记处研究室编@FZhong Gong Zhong Yang Shu Ji Chu Yan Jiu Shi Bian
210    @a北京@c中国社会科学出版社@d1982.10
215    @a358页@d20cm
606 0  @a中国共产党
690    @aD229@v3
711 02 @a中共中央书记处研究室@4编
801    @aCN@bTSTC@c20060731
905    @dD229@e1@f1@b87159
    
    论《关于建国以来党的若干历史问题的决议》/中共中央书记处研究室编.-北京:中国社会科学出版社,1982.10
    358页;20cm
    
    
    ISBN :CNY1.10
    
●
相关链接 在E读中查询图书 在五车中查询图书 在当当中查询图书 在豆瓣中查询图书


正题名:论《关于建国以来党的若干历史问题的决议》     索取号:D229/1         预约/预借

序号 登录号 条形码 馆藏地/架位号 状态 备注
1 0087158   001836197   密集书库/ [索取号:D229/1] 在馆    
2 0087159   001010756   第一借阅区/ [索取号:D229/1] 在馆    
3 0087160   001011737   第一样本阅览室/ [索取号:D229/1] 在馆    
4 0440673   204406730   密集书库/ [索取号:D229/1] 在馆    
唐山师范学院图书馆 欢迎您!
大连网信软件有限公司© 版权所有